{"text_format":"3","workbook":"xlsx","n_sheets":1,"sheets":["Hoja1"],"read":"whole","date_system":"1900"}

{"sheet":"Hoja1","index":0,"n_rows":225,"n_cols":7,"rows_kept":225}
["Suministro-montaje de tolvas para fango deshidratado en Butarque"]
["Presupuesto"]
["Código","Nat","Ud","Resumen","CanPres","PrPres","ImpPres"]
["01           ","Capítulo","","OBRA CIVIL",{"$f":"E79","v":{"v":1,"d":"1.000"}},{"$f":"F79","v":{"v":71263.95,"d":"71,263.95"}},{"$f":"G79","v":{"v":71263.95,"d":"71,263.95"}}]
["01.01        ","Capítulo","","TRATAMIENTOS PREVIOS",{"$f":"E11","v":{"v":1,"d":"1.000"}},{"$f":"F11","v":{"v":13971.11,"d":"13,971.11"}},{"$f":"G11","v":{"v":13971.11,"d":"13,971.11"}}]
["E01EFM050    ","Partida","m2","PREP. SUPERFICIES SOLERAS  Y PAREDES",{"v":847.83,"d":"847.830"},10.86,{"$f":"ROUND(E6*F6,2)","v":{"v":9207.43,"d":"9,207.43"}}]
["E15PA120     ","Partida","m2","REPARACIÓN SUPERFICIES Y DESPERFECTOS",{"v":169.57,"d":"169.570"},4.11,{"$f":"ROUND(E7*F7,2)","v":696.93}]
["E15PA010BC   ","Partida","Ud.","DECAPADO PINTURAS EXISTENTES ELEM. METÁLICS",{"v":1,"d":"1.000"},{"v":1249.11,"d":"1,249.11"},{"$f":"ROUND(E8*F8,2)","v":{"v":1249.11,"d":"1,249.11"}}]
["R01TPR010BC  ","Partida","Ud","REPARCIÓN MURO HORMIGÓN ARMADO",{"v":7,"d":"7.000"},213.52,{"$f":"ROUND(E9*F9,2)","v":{"v":1494.64,"d":"1,494.64"}}]
["E01EWM010    ","Partida","m3","APER. HUECOS HORMIGÓN >1m2",{"v":2,"d":"2.000"},{"v":661.5,"d":"661.50"},{"$f":"ROUND(E10*F10,2)","v":{"v":1323,"d":"1,323.00"}}]
[{"$nulls":3},"01.01",{"v":1,"d":"1.000"},{"$f":"G6+G7+G8+G9+G10","v":{"v":13971.11,"d":"13,971.11"}},{"$f":"ROUND(F11*E11,2)","v":{"v":13971.11,"d":"13,971.11"}}]
[]
["01.02        ","Capítulo","","PINTURAS Y REVESTIMIENTOS",{"$f":"E22","v":{"v":1,"d":"1.000"}},{"$f":"F22","v":{"v":10285.89,"d":"10,285.89"}},{"$f":"G22","v":{"v":10285.89,"d":"10,285.89"}}]
["E15HET040BC  ","Partida","m.","P.ESMALTE S/TUBERÍAS Y BARANDILLAS",{"v":1,"d":"1.000"},{"v":1865.39,"d":"1,865.39"},{"$f":"ROUND(E14*F14,2)","v":{"v":1865.39,"d":"1,865.39"}}]
["E15HEC060BC  ","Partida","m2","ESMALTE ELEMENTOS METÁLICOS",{"v":1,"d":"1.000"},{"v":1316.59,"d":"1,316.59"},{"v":1316.59,"d":"1,316.59"}]
["E06RDE030BC  ","Partida","m2","AYUDAS DE ALBAÑILERÍA",{"v":1,"d":"1.000"},305.28,305.28]
["E13AAA280    ","Partida","m2","VENTANA ALUMINIO PRACTICABLES",{"v":3.63,"d":"3.630"},195.46,709.52]
["E13JDCC010   ","Partida","m2","CELOSÍA FIJA LAMAS CHAPA GAL.",{"v":3.63,"d":"3.630"},104.15,378.06]
["E15SO010     ","Partida","m2","PINTURA EPOXI S/HORMIGÓN",{"v":362.11,"d":"362.110"},8.08,{"v":2925.85,"d":"2,925.85"}]
["E15IW010     ","Partida","m2","PINTURA INTERIORES",{"v":485.72,"d":"485.720"},4.52,{"v":2195.45,"d":"2,195.45"}]
["EMBCAL09     ","Partida","M2","TRAMEX POLIESTER cerrado 25-30",{"v":5.43,"d":"5.430"},108.61,589.75]
[{"$nulls":3},"01.02",{"v":1,"d":"1.000"},{"$f":"G14+G15+G16+G17+G18+G19+G20+G21","v":{"v":10285.89,"d":"10,285.89"}},{"$f":"ROUND(F22*E22,2)","v":{"v":10285.89,"d":"10,285.89"}}]
[]
["01.03        ","Capítulo","","BOMBEO DE FANGOS",{"$f":"E35","v":{"v":1,"d":"1.000"}},{"$f":"F35","v":{"v":3749.8,"d":"3,749.80"}},{"$f":"G35","v":{"v":3749.8,"d":"3,749.80"}}]
["E01CRL030    ","Partida","m2","LEVANTADO COMPRESOR ACERA Y SOLERAS HORMIGÓN",{"v":9.36,"d":"9.360"},2.19,{"$f":"ROUND(E25*F25,2)","v":{"v":20.5,"d":"20.50"}}]
["E02CZE040    ","Partida","m3","EXC.ZANJA Y/O PO.TERR.TRÁNS.C/AG",{"v":9.36,"d":"9.360"},3.99,37.35]
["EN32BZ010    ","Partida","m3","ENCACHADO PIEDRA",{"v":1.87,"d":"1.870"},56.08,104.87]
["EN22CM101    ","Partida","m3","HORMIGÓN HM-20 IIa SIN USO ESTRUCTURAL",{"v":3.3,"d":"3.300"},111.93,369.37]
["E04CM100N    ","Partida","m3","HORMIGÓN DE LIMPIEZA HL-150",{"v":0.94,"d":"0.940"},109.38,102.82]
["EN02CTT030   ","Partida","m3","TRANSPORTE A VERTEDERO O LUGAR DE EMPLEO.<20km.CARGA MEC",{"v":12.17,"d":"12.170"},14.51,176.59]
["EN24MEF020   ","Partida","m2","ENCOFRADO RECTO LOSAS CIMENTACION",{"v":4.14,"d":"4.140"},{"v":51.2,"d":"51.20"},211.97]
["E04CM130N    ","Partida","m3","HORM. HA-30/P/20/IIa CIM.V.GRÚA",{"v":6.6,"d":"6.600"},131.33,866.78]
["E05CA020     ","Partida","kg","ACERO CORRUGADO B 500 S",{"v":677.16,"d":"677.160"},1.68,{"v":1137.63,"d":"1,137.63"}]
["E06RDSERVREP ","Partida","Ud","REPOSICIONES Y PEQUEÑOS MATERIALES Y ACTUACIONES",{"v":1,"d":"1.000"},721.92,721.92]
[{"$nulls":3},"01.03",{"v":1,"d":"1.000"},{"$f":"G25+G26+G27+G28+G29+G30+G31+G32+G33+G34","v":{"v":3749.8,"d":"3,749.80"}},{"$f":"ROUND(F35*E35,2)","v":{"v":3749.8,"d":"3,749.80"}}]
[]
["01.04        ","Capítulo","","TOLVA DE FANGOS",{"$f":"E55","v":{"v":1,"d":"1.000"}},{"$f":"F55","v":{"v":28534.71,"d":"28,534.71"}},{"$f":"G55","v":{"v":28534.71,"d":"28,534.71"}}]
["E01CRL030    ","Partida","m2","LEVANTADO COMPRESOR ACERA Y SOLERAS HORMIGÓN",{"v":18.9,"d":"18.900"},2.19,{"$f":"ROUND(E38*F38,2)","v":41.39}]
["E01CRL040    ","Partida","m2","LEVANTADO COMPRES. PAV. AGLOM.",{"v":89.89,"d":"89.890"},25.09,{"v":2255.34,"d":"2,255.34"}]
["E02CZE040    ","Partida","m3","EXC.ZANJA Y/O PO.TERR.TRÁNS.C/AG",{"v":101.7,"d":"101.700"},3.99,405.78]
["E02CZR020    ","Partida","m3","RELLENO DE ARENA EN ZANJAS",{"v":2.12,"d":"2.120"},6.72,14.25]
["E02CZR010    ","Partida","m3","RELLENO LOCALIZADO ZANJAS",{"v":10.55,"d":"10.550"},{"v":2.7,"d":"2.70"},28.49]
["EN32BZ010    ","Partida","m3","ENCACHADO PIEDRA",{"v":16.25,"d":"16.250"},56.08,{"v":911.3,"d":"911.30"}]
["E04CM100N    ","Partida","m3","HORMIGÓN DE LIMPIEZA HL-150",{"v":8.13,"d":"8.130"},109.38,889.26]
["EN02CTT030   ","Partida","m3","TRANSPORTE A VERTEDERO O LUGAR DE EMPLEO.<20km.CARGA MEC",{"v":116.96,"d":"116.960"},14.51,{"v":1697.09,"d":"1,697.09"}]
["EN24MEF020   ","Partida","m2","ENCOFRADO RECTO LOSAS CIMENTACION",{"v":26.56,"d":"26.560"},{"v":51.2,"d":"51.20"},{"v":1359.87,"d":"1,359.87"}]
["E04CM130N    ","Partida","m3","HORM. HA-30/P/20/IIa CIM.V.GRÚA",{"v":50.11,"d":"50.110"},131.33,{"v":6580.95,"d":"6,580.95"}]
["E05CA020     ","Partida","kg","ACERO CORRUGADO B 500 S",{"v":4480.32,"d":"4,480.320"},1.68,{"v":7526.94,"d":"7,526.94"}]
["EN05CA022    ","Partida","ud","PLAC.ANCLAJE S275",{"v":8,"d":"8.000"},291.21,{"v":2329.68,"d":"2,329.68"}]
["EN03CPE050   ","Partida","m.","TUBERÍA ENTERRADO PVC D=200mm",{"v":35.45,"d":"35.450"},25.67,{"v":910,"d":"910.00"}]
["E03AAA020    ","Partida","ud","ARQUETA ESCURRIDO FANGOS 0.8X0.80",{"v":2,"d":"2.000"},209.09,418.18]
["E06RDVPAV    ","Partida","Ud","CONEXIÓN CON RED EXISTNTE",{"v":1,"d":"1.000"},180.48,180.48]
["EN22CM101    ","Partida","m3","HORMIGÓN HM-20 IIa SIN USO ESTRUCTURAL",{"v":14.95,"d":"14.950"},111.93,{"v":1673.35,"d":"1,673.35"}]
["U0ANC040     ","Partida","m2","M.B.F. TIPO EN REPARACIONES",{"v":27.25,"d":"27.250"},48.16,{"v":1312.36,"d":"1,312.36"}]
[{"$nulls":3},"01.04",{"v":1,"d":"1.000"},{"$f":"G38+G39+G40+G41+G42+G43+G44+G45+G46+G47+G48+G49+G50+G51+G52+G53+G54","v":{"v":28534.71,"d":"28,534.71"}},{"$f":"ROUND(F55*E55,2)","v":{"v":28534.71,"d":"28,534.71"}}]
[]
["01.05        ","Capítulo","","ESTRUCTURA DE CIERRE",{"$f":"E61","v":{"v":1,"d":"1.000"}},{"$f":"F61","v":{"v":12397.5,"d":"12,397.50"}},{"$f":"G61","v":{"v":12397.5,"d":"12,397.50"}}]
["E33SAM010    ","Partida","ud","CIMENTACIÓN ESTRUCTURA",{"v":6,"d":"6.000"},360.02,{"$f":"ROUND(E58*F58,2)","v":{"v":2160.12,"d":"2,160.12"}}]
["E05AZA040    ","Partida","Ud","ESTRUCTURAS LIGERAS CUBIERTA BOMBAS",{"v":1,"d":"1.000"},{"v":8256.27,"d":"8,256.27"},{"$f":"ROUND(E59*F59,2)","v":{"v":8256.27,"d":"8,256.27"}}]
["E07IMP070    ","Partida","m2","CUB.PANEL CHAPA PRELA.-50 E.POL.",{"v":44.35,"d":"44.350"},44.67,{"$f":"ROUND(E60*F60,2)","v":{"v":1981.11,"d":"1,981.11"}}]
[{"$nulls":3},"01.05",{"v":1,"d":"1.000"},{"$f":"G58+G59+G60","v":{"v":12397.5,"d":"12,397.50"}},{"$f":"ROUND(F61*E61,2)","v":{"v":12397.5,"d":"12,397.50"}}]
[]
["01.06        ","Capítulo","","CANALIZACIONES ELÉCTRICAS",{"$f":"E73","v":{"v":1,"d":"1.000"}},{"$f":"F73","v":{"v":1603.02,"d":"1,603.02"}},{"$f":"G73","v":{"v":1603.02,"d":"1,603.02"}}]
["E01CRL030    ","Partida","m2","LEVANTADO COMPRESOR ACERA Y SOLERAS HORMIGÓN",{"v":13.2,"d":"13.200"},2.19,{"$f":"ROUND(E64*F64,2)","v":28.91}]
["E02CZE040    ","Partida","m3","EXC.ZANJA Y/O PO.TERR.TRÁNS.C/AG",{"v":10.56,"d":"10.560"},3.99,42.13]
["E06RDSERVREP ","Partida","Ud","REPOSICIONES Y PEQUEÑOS MATERIALES Y ACTUACIONES",{"v":1,"d":"1.000"},721.92,721.92]
["E02CZR020    ","Partida","m3","RELLENO DE ARENA EN ZANJAS",{"v":1.32,"d":"1.320"},6.72,8.87]
["E02CZR010    ","Partida","m3","RELLENO LOCALIZADO ZANJAS",{"v":5.85,"d":"5.850"},{"v":2.7,"d":"2.70"},{"v":15.8,"d":"15.80"}]
["ENPC87584    ","Partida","ml","TUBO CORRUGADO PE D=110 MM, CANALIZACIÓN ELÉCTRICA",{"v":60,"d":"60.000"},4.13,{"v":247.8,"d":"247.80"}]
["E03AAR060    ","Partida","ud","ARQUETA REGISTRO 63x63x80 cm.",{"v":2,"d":"2.000"},84.02,168.04]
["EN22CM101    ","Partida","m3","HORMIGÓN HM-20 IIa SIN USO ESTRUCTURAL",{"v":0.72,"d":"0.720"},111.93,80.59]
["U0ANC040     ","Partida","m2","M.B.F. TIPO EN REPARACIONES",{"v":6,"d":"6.000"},48.16,288.96]
[{"$nulls":3},"01.06",{"v":1,"d":"1.000"},{"$f":"G64+G65+G66+G67+G68+G69+G70+G71+G72","v":{"v":1603.02,"d":"1,603.02"}},{"$f":"ROUND(F73*E73,2)","v":{"v":1603.02,"d":"1,603.02"}}]
[]
["01.07        ","Capítulo","","VARIOS",{"$f":"E77","v":{"v":1,"d":"1.000"}},{"$f":"F77","v":721.92},{"$f":"G77","v":721.92}]
["E06RDSERVREPO","Partida","Ud","REPOSICIONES Y PEQUEÑOS MATERIALES Y ACUTACIONES",{"v":1,"d":"1.000"},721.92,{"$f":"ROUND(E76*F76,2)","v":721.92}]
[{"$nulls":3},"01.07",{"v":1,"d":"1.000"},{"$f":"G76","v":721.92},{"$f":"ROUND(F77*E77,2)","v":721.92}]
[]
[{"$nulls":3},"01",{"v":1,"d":"1.000"},{"$f":"G11+G22+G35+G55+G61+G73+G77","v":{"v":71263.95,"d":"71,263.95"}},{"$f":"ROUND(F79*E79,2)","v":{"v":71263.95,"d":"71,263.95"}}]
[]
["02           ","Capítulo","","EQUIPOS MECANICOS",{"$f":"E137","v":{"v":1,"d":"1.000"}},{"$f":"F137","v":{"v":323484.92,"d":"323,484.92"}},{"$f":"G137","v":{"v":323484.92,"d":"323,484.92"}}]
["02.01        ","Capítulo","","MODIFICACION CENTRIFUGA ALFA-LAVAL",{"$f":"E90","v":{"v":1,"d":"1.000"}},{"$f":"F90","v":{"v":11464.3,"d":"11,464.30"}},{"$f":"G90","v":{"v":11464.3,"d":"11,464.30"}}]
["EM01011      ","Partida","Ud","Cambio de posicion de centrifuga Alfa Laval",{"v":1,"d":"1.000"},{"v":2323.8,"d":"2,323.80"},{"$f":"ROUND(E83*F83,2)","v":{"v":2323.8,"d":"2,323.80"}}]
["EM01005      ","Partida","Ud","Modificacion pilar plataforma acceso centrifugas Alfa-Laval",{"v":1,"d":"1.000"},{"v":1716.42,"d":"1,716.42"},{"v":1716.42,"d":"1,716.42"}]
["EM01012      ","Partida","Ud","Modificacion cableado electrico Alfa Laval",{"v":1,"d":"1.000"},{"v":1239.7,"d":"1,239.70"},{"v":1239.7,"d":"1,239.70"}]
["EM0102       ","Partida","Ud","Modificacion salida de escurridos Alfa Laval",{"v":1,"d":"1.000"},{"v":1888.91,"d":"1,888.91"},{"v":1888.91,"d":"1,888.91"}]
["EM0103       ","Partida","Ud","Modificacion entrada fango/poli/agua lavado Alfa Laval",{"v":1,"d":"1.000"},{"v":2852.67,"d":"2,852.67"},{"v":2852.67,"d":"2,852.67"}]
["EMBCAL21     ","Partida","Kg","Acero en soportes.",{"v":110,"d":"110.000"},4.23,{"v":465.3,"d":"465.30"}]
["EMJF05       ","Partida","Ud","Tolva descarga centrifuga",{"v":2,"d":"2.000"},488.75,{"v":977.5,"d":"977.50"}]
[{"$nulls":3},"02.01",{"v":1,"d":"1.000"},{"$f":"G83+G84+G85+G86+G87+G88+G89","v":{"v":11464.3,"d":"11,464.30"}},{"$f":"ROUND(F90*E90,2)","v":{"v":11464.3,"d":"11,464.30"}}]
[]
["02.02        ","Capítulo","","MODIFICACION CENTRIFUGA WESTFALIA",{"$f":"E100","v":{"v":1,"d":"1.000"}},{"$f":"F100","v":{"v":12710.97,"d":"12,710.97"}},{"$f":"G100","v":{"v":12710.97,"d":"12,710.97"}}]
["EM02001      ","Partida","Ud","Estructura soporte de centrifuga Westfalia",{"v":1,"d":"1.000"},{"v":2384.52,"d":"2,384.52"},{"$f":"ROUND(E93*F93,2)","v":{"v":2384.52,"d":"2,384.52"}}]
["EM02002      ","Partida","Ud","Estructura de plataforma de acceso Westfalia",{"v":1,"d":"1.000"},{"v":5083.14,"d":"5,083.14"},{"v":5083.14,"d":"5,083.14"}]
["EM02003      ","Partida","Ud","Modificacion salida escurridos centrifuga Westfalia",{"v":1,"d":"1.000"},{"v":1840.42,"d":"1,840.42"},{"v":1840.42,"d":"1,840.42"}]
["EM02004      ","Partida","Ud","Modificacion entrada fango/poli/agua Westfalia",{"v":1,"d":"1.000"},{"v":1651.63,"d":"1,651.63"},{"v":1651.63,"d":"1,651.63"}]
["EM02005      ","Partida","Ud","Modificacion cableado electrico centrifuga Westfalia",{"v":1,"d":"1.000"},797.21,797.21]
["EMJF05       ","Partida","Ud","Tolva descarga centrifuga",{"v":1,"d":"1.000"},488.75,488.75]
["EMBCAL21     ","Partida","Kg","Acero en soportes.",{"v":110,"d":"110.000"},4.23,{"v":465.3,"d":"465.30"}]
[{"$nulls":3},"02.02",{"v":1,"d":"1.000"},{"$f":"G93+G94+G95+G96+G97+G98+G99","v":{"v":12710.97,"d":"12,710.97"}},{"$f":"ROUND(F100*E100,2)","v":{"v":12710.97,"d":"12,710.97"}}]
[]
["02.03        ","Capítulo","","NUEVO TRANSPORTE DE FANGOS",{"$f":"E117","v":{"v":1,"d":"1.000"}},{"$f":"F117","v":{"v":147573.69,"d":"147,573.69"}},{"$f":"G117","v":{"v":147573.69,"d":"147,573.69"}}]
["EM03002      ","Partida","Ud","Desvio tuberia impulsion sobrenadantes Ø 150 mm AISI",{"v":1,"d":"1.000"},{"v":2471.56,"d":"2,471.56"},{"$f":"ROUND(E103*F103,2)","v":{"v":2471.56,"d":"2,471.56"}}]
["EMCINT07     ","Partida","Ud","Cinta transportadora 19 metros ancho 600 mm AISI 304",{"v":1,"d":"1.000"},{"v":25416.45,"d":"25,416.45"},{"v":25416.45,"d":"25,416.45"}]
["EM03005      ","Partida","Ud","Escalera acceso sobre cinta transportadora edificio",{"v":1,"d":"1.000"},{"v":1437.3,"d":"1,437.30"},{"v":1437.3,"d":"1,437.30"}]
["EMCINT04     ","Partida","Ud","Cinta transportadora 10 metros ancho 600 mm AISI 304",{"v":1,"d":"1.000"},{"v":11567.35,"d":"11,567.35"},{"v":11567.35,"d":"11,567.35"}]
["EM03008      ","Partida","Ud","Soportes cinta transportadora inclinada",{"v":1,"d":"1.000"},{"v":1139.34,"d":"1,139.34"},{"v":1139.34,"d":"1,139.34"}]
["EM03001      ","Partida","Ud","Tolva de reparto a bombas de fango",{"v":1,"d":"1.000"},{"v":3983.15,"d":"3,983.15"},{"v":3983.15,"d":"3,983.15"}]
["EMGTOF1.5    ","Partida","Ud","Bomba transp.fangos 10 m3/h-10 bar",{"v":2,"d":"2.000"},{"v":27011,"d":"27,011.00"},{"v":54022,"d":"54,022.00"}]
["EMGTOFC03    ","Partida","Ud","Cono salida bomba fangos 150-300",{"v":2,"d":"2.000"},710.22,{"v":1420.44,"d":"1,420.44"}]
["EMTUB300     ","Partida","Ud","Impulsion a tolvas en tuberia  AISI 304 DN 300",{"v":1,"d":"1.000"},{"v":21108.92,"d":"21,108.92"},{"v":21108.92,"d":"21,108.92"}]
["EMVG300      ","Partida","Ud","Válvula guillotina DN 300 mm motorizada",{"v":4,"d":"4.000"},{"v":3398.2,"d":"3,398.20"},{"v":13592.8,"d":"13,592.80"}]
["EMCAI10300   ","Partida","Ud","Carrete desm. inox DN 300 mm PN 10",{"v":4,"d":"4.000"},{"v":1985.6,"d":"1,985.60"},{"v":7942.4,"d":"7,942.40"}]
["EMSCO04      ","Partida","Ud","Compresor 300 l. 10 atm 3 CV",{"v":1,"d":"1.000"},{"v":1666.71,"d":"1,666.71"},{"v":1666.71,"d":"1,666.71"}]
["EM02111      ","Partida","Ud","Red de aire de servicio",{"v":1,"d":"1.000"},747.77,747.77]
["EMBCAL21     ","Partida","Kg","Acero en soportes.",{"v":250,"d":"250.000"},4.23,{"v":1057.5,"d":"1,057.50"}]
[{"$nulls":3},"02.03",{"v":1,"d":"1.000"},{"$f":"G103+G104+G105+G106+G107+G108+G109+G110+G111+G112+G113+G114+G115+G116","v":{"v":147573.69,"d":"147,573.69"}},{"$f":"ROUND(F117*E117,2)","v":{"v":147573.69,"d":"147,573.69"}}]
[]
["02.04        ","Capítulo","","ALMACENAMIENTO DE FANGOS",{"$f":"E122","v":{"v":1,"d":"1.000"}},{"$f":"F122","v":{"v":141521.3,"d":"141,521.30"}},{"$f":"G122","v":{"v":141521.3,"d":"141,521.30"}}]
["EM04001      ","Partida","Ud","Tolva almacenamiento fangos 100 m3",{"v":2,"d":"2.000"},{"v":69872.35,"d":"69,872.35"},{"$f":"ROUND(E120*F120,2)","v":{"v":139744.7,"d":"139,744.70"}}]
["EMBCAL21     ","Partida","Kg","Acero en soportes.",{"v":420,"d":"420.000"},4.23,{"$f":"ROUND(E121*F121,2)","v":{"v":1776.6,"d":"1,776.60"}}]
[{"$nulls":3},"02.04",{"v":1,"d":"1.000"},{"$f":"G120+G121","v":{"v":141521.3,"d":"141,521.30"}},{"$f":"ROUND(F122*E122,2)","v":{"v":141521.3,"d":"141,521.30"}}]
[]
["02.05        ","Capítulo","","INSTRUMENTACION",{"$f":"E129","v":{"v":1,"d":"1.000"}},{"$f":"F129","v":{"v":4888.82,"d":"4,888.82"}},{"$f":"G129","v":{"v":4888.82,"d":"4,888.82"}}]
["EMICRAR      ","Partida","Ud","Medidor nivel de radar",{"v":2,"d":"2.000"},{"v":1395.4,"d":"1,395.40"},{"$f":"ROUND(E125*F125,2)","v":{"v":2790.8,"d":"2,790.80"}}]
["EMKJKJA      ","Partida","Ud","Detector nivel capacitivo",{"v":2,"d":"2.000"},567.31,{"$f":"ROUND(E126*F126,2)","v":{"v":1134.62,"d":"1,134.62"}}]
["EMIND04      ","Partida","Ud","Indicador digital 2 reles c/alimentacion a sensor",{"v":2,"d":"2.000"},249.05,{"$f":"ROUND(E127*F127,2)","v":{"v":498.1,"d":"498.10"}}]
["EMBCAL21     ","Partida","Kg","Acero en soportes.",{"v":110,"d":"110.000"},4.23,{"$f":"ROUND(E128*F128,2)","v":{"v":465.3,"d":"465.30"}}]
[{"$nulls":3},"02.05",{"v":1,"d":"1.000"},{"$f":"G125+G126+G127+G128","v":{"v":4888.82,"d":"4,888.82"}},{"$f":"ROUND(F129*E129,2)","v":{"v":4888.82,"d":"4,888.82"}}]
[]
["02.06        ","Capítulo","","DESMONTAJE EQUIPOS",{"$f":"E135","v":{"v":1,"d":"1.000"}},{"$f":"F135","v":{"v":5325.84,"d":"5,325.84"}},{"$f":"G135","v":{"v":5325.84,"d":"5,325.84"}}]
["EM0701       ","Partida","","Desmontaje cintas transporte Westfalia",{"v":1,"d":"1.000"},{"v":2556.42,"d":"2,556.42"},{"$f":"ROUND(E132*F132,2)","v":{"v":2556.42,"d":"2,556.42"}}]
["EM0702       ","Partida","","Desmontaje tornillo salida Alfa laval",{"v":1,"d":"1.000"},852.12,{"$f":"ROUND(E133*F133,2)","v":852.12}]
["EM0703       ","Partida","","Desmontaje cinta transportadora general",{"v":1,"d":"1.000"},{"v":1917.3,"d":"1,917.30"},{"$f":"ROUND(E134*F134,2)","v":{"v":1917.3,"d":"1,917.30"}}]
[{"$nulls":3},"02.06",{"v":1,"d":"1.000"},{"$f":"G132+G133+G134","v":{"v":5325.84,"d":"5,325.84"}},{"$f":"ROUND(F135*E135,2)","v":{"v":5325.84,"d":"5,325.84"}}]
[]
[{"$nulls":3},"02",{"v":1,"d":"1.000"},{"$f":"G90+G100+G117+G122+G129+G135","v":{"v":323484.92,"d":"323,484.92"}},{"$f":"ROUND(F137*E137,2)","v":{"v":323484.92,"d":"323,484.92"}}]
[]
["03           ","Capítulo","","EQUIPOS ELÉCTRICOS",{"$f":"E189","v":{"v":1,"d":"1.000"}},{"$f":"F189","v":{"v":38252.63,"d":"38,252.63"}},{"$f":"G189","v":{"v":38252.63,"d":"38,252.63"}}]
["03.01        ","Capítulo","","CUADROS ELÉCTRICOS Y DISTRIBUCIÓN A MOTORES.",{"$f":"E145","v":{"v":1,"d":"1.000"}},{"$f":"F145","v":{"v":17953.97,"d":"17,953.97"}},{"$f":"G145","v":{"v":17953.97,"d":"17,953.97"}}]
["ELJKKKK      ","Partida","Ud","Instalacion magnetotermico 4x100 A en cuadro existente",{"v":1,"d":"1.000"},694.43,{"$f":"ROUND(E141*F141,2)","v":694.43}]
["EL00311N1    ","Partida","ud","Cuadro control motores",{"v":1,"d":"1.000"},{"v":11950.28,"d":"11,950.28"},{"$f":"ROUND(E142*F142,2)","v":{"v":11950.28,"d":"11,950.28"}}]
["EMIVA408     ","Partida","Ud","Variador frecuencia sdrive 18.50 Kw IP20 40ºC 380 V",{"v":2,"d":"2.000"},{"v":2582.63,"d":"2,582.63"},{"$f":"ROUND(E143*F143,2)","v":{"v":5165.26,"d":"5,165.26"}}]
["EL04201      ","Partida","Ud","Pequeño material",{"v":1,"d":"1.000"},{"v":144,"d":"144.00"},{"$f":"ROUND(E144*F144,2)","v":{"v":144,"d":"144.00"}}]
[{"$nulls":3},"03.01",{"v":1,"d":"1.000"},{"$f":"G141+G142+G143+G144","v":{"v":17953.97,"d":"17,953.97"}},{"$f":"ROUND(F145*E145,2)","v":{"v":17953.97,"d":"17,953.97"}}]
[]
["03.02        ","Capítulo","","CABLEADO DE ALIMENTACIÓN A CUADROS.",{"$f":"E151","v":{"v":1,"d":"1.000"}},{"$f":"F151","v":636.14},{"$f":"G151","v":636.14}]
["ELCRVK29     ","Partida","ml","Cable RV-K 0,6/1KV 3x25 mm² Cu",{"v":22,"d":"22.000"},16.37,{"$f":"ROUND(E148*F148,2)","v":360.14}]
["ELCRVK06     ","Partida","ml","Cable RV-K 0,6/1KV 1x16 mm² Cu",{"v":44,"d":"44.000"},{"v":3,"d":"3.00"},{"$f":"ROUND(E149*F149,2)","v":{"v":132,"d":"132.00"}}]
["EL04201      ","Partida","Ud","Pequeño material",{"v":1,"d":"1.000"},{"v":144,"d":"144.00"},{"$f":"ROUND(E150*F150,2)","v":{"v":144,"d":"144.00"}}]
[{"$nulls":3},"03.02",{"v":1,"d":"1.000"},{"$f":"G148+G149+G150","v":636.14},{"$f":"ROUND(F151*E151,2)","v":636.14}]
[]
["03.03        ","Capítulo","","CABLEADO DE ALIMENTACIÓN A MOTORES.",{"$f":"E161","v":{"v":1,"d":"1.000"}},{"$f":"F161","v":{"v":4835.45,"d":"4,835.45"}},{"$f":"G161","v":{"v":4835.45,"d":"4,835.45"}}]
["ELCRVK40     ","Partida","ml","Cable RV-K 0,6/1KV 4G2,5 mm² Cu",{"v":335,"d":"335.000"},3.22,{"$f":"ROUND(E154*F154,2)","v":{"v":1078.7,"d":"1,078.70"}}]
["ELCRVK41     ","Partida","ml","Cable RV-K 0,6/1KV 4G4 mm² Cu",{"v":45,"d":"45.000"},4.85,218.25]
["ELCROVK1     ","Partida","ml","Cable ROV-K 0,6/1KV 4G10 mm² Cu",{"v":40,"d":"40.000"},14.55,{"v":582,"d":"582.00"}]
["ELNCRV23     ","Partida","ml","Cable RV-K 0,6/1KV 3Gx1,5 mm² Cu",{"v":270,"d":"270.000"},2.79,{"v":753.3,"d":"753.30"}]
["ELCRVK48     ","Partida","ml","Cable RV-K 0,6/1KV 5G1,5 mm² Cu",{"v":320,"d":"320.000"},3.73,{"v":1193.6,"d":"1,193.60"}]
["EL010390N    ","Partida","ml","Línea 2 x 1,5 mm² RC4Z1-K 0,6/1kV Cu",{"v":160,"d":"160.000"},5.41,{"v":865.6,"d":"865.60"}]
["EL04201      ","Partida","Ud","Pequeño material",{"v":1,"d":"1.000"},{"v":144,"d":"144.00"},{"v":144,"d":"144.00"}]
[{"$nulls":3},"03.03",{"v":1,"d":"1.000"},{"$f":"G154+G155+G156+G157+G158+G159+G160","v":{"v":4835.45,"d":"4,835.45"}},{"$f":"ROUND(F161*E161,2)","v":{"v":4835.45,"d":"4,835.45"}}]
[]
["03.04        ","Capítulo","","INSTALACIONES DE FUERZA MOTRIZ.",{"$f":"E173","v":{"v":1,"d":"1.000"}},{"$f":"F173","v":{"v":3441.4,"d":"3,441.40"}},{"$f":"G173","v":{"v":3441.4,"d":"3,441.40"}}]
["ELPMSL1      ","Partida","Ud","Caja selector M-0-A con seta",{"v":5,"d":"5.000"},{"v":84,"d":"84.00"},{"$f":"ROUND(E164*F164,2)","v":{"v":420,"d":"420.00"}}]
["EL0415       ","Partida","Ud","Caja selector M-0-A  con seta+ pulsadores",{"v":7,"d":"7.000"},{"v":114,"d":"114.00"},{"v":798,"d":"798.00"}]
["ELOPIIOO     ","Partida","Ud","Soportes cajas de maniobra locales",{"v":1,"d":"1.000"},{"v":360,"d":"360.00"},{"v":360,"d":"360.00"}]
["ELTHE03      ","Partida","Ml","Tubo heliflex 23 mm",{"v":25,"d":"25.000"},3.94,{"v":98.5,"d":"98.50"}]
["ELTHE05      ","Partida","Ml","Tubo heliflex 36 mm",{"v":32,"d":"32.000"},{"v":7.5,"d":"7.50"},{"v":240,"d":"240.00"}]
["ELTHE07      ","Partida","Ml","Tubo heliflex 48 mm",{"v":40,"d":"40.000"},15.62,{"v":624.8,"d":"624.80"}]
["ELTCA16      ","Partida","Ml","Bandeja PVC lisa de 300x100 mm",{"v":20,"d":"20.000"},34.27,{"v":685.4,"d":"685.40"}]
["ELPMS10      ","Partida","Ud","Caja est. derivación 100x100",{"v":10,"d":"10.000"},7.07,{"v":70.7,"d":"70.70"}]
["EL04201      ","Partida","Ud","Pequeño material",{"v":1,"d":"1.000"},{"v":144,"d":"144.00"},{"v":144,"d":"144.00"}]
[{"$nulls":3},"03.04",{"v":1,"d":"1.000"},{"$f":"G164+G165+G166+G167+G168+G169+G170+G171+G172","v":{"v":3441.4,"d":"3,441.40"}},{"$f":"ROUND(F173*E173,2)","v":{"v":3441.4,"d":"3,441.40"}}]
[]
["03.05        ","Capítulo","","AUTOMATISMO Y CONTROL DE LA PLANTA.",{"$f":"E179","v":{"v":1,"d":"1.000"}},{"$f":"F179","v":{"v":10744.39,"d":"10,744.39"}},{"$f":"G179","v":{"v":10744.39,"d":"10,744.39"}}]
["ELE01804N    ","Partida","ud","Autómata principal.",{"v":1,"d":"1.000"},{"v":6504.22,"d":"6,504.22"},{"$f":"ROUND(E176*F176,2)","v":{"v":6504.22,"d":"6,504.22"}}]
["ELUPS1200    ","Partida","Ud","SAI 1200 VA",{"v":1,"d":"1.000"},{"v":700,"d":"700.00"},{"$f":"ROUND(E177*F177,2)","v":{"v":700,"d":"700.00"}}]
["EL01813      ","Partida","ud","Puesta en marcha/adecuacion Scada",{"v":1,"d":"1.000"},{"v":3540.17,"d":"3,540.17"},{"$f":"ROUND(E178*F178,2)","v":{"v":3540.17,"d":"3,540.17"}}]
[{"$nulls":3},"03.05",{"v":1,"d":"1.000"},{"$f":"G176+G177+G178","v":{"v":10744.39,"d":"10,744.39"}},{"$f":"ROUND(F179*E179,2)","v":{"v":10744.39,"d":"10,744.39"}}]
[]
["03.06        ","Capítulo","","RED DE TIERRAS.",{"$f":"E187","v":{"v":1,"d":"1.000"}},{"$f":"F187","v":641.28},{"$f":"G187","v":641.28}]
["EL100703     ","Partida","ud","Brida conexión puntas derivación.",{"v":4,"d":"4.000"},13.58,{"$f":"ROUND(E182*F182,2)","v":54.32}]
["EL100702     ","Partida","ud","Brida conexión de picas.",{"v":4,"d":"4.000"},13.39,{"$f":"ROUND(E183*F183,2)","v":53.56}]
["EL100700     ","Partida","ud","Pica acero cobreada 2 m., 14 mm.",{"v":4,"d":"4.000"},45.75,{"$f":"ROUND(E184*F184,2)","v":{"v":183,"d":"183.00"}}]
["EL010360N    ","Partida","ml","Cable cobre desnudo 35 mm²",{"v":60,"d":"60.000"},3.44,{"$f":"ROUND(E185*F185,2)","v":{"v":206.4,"d":"206.40"}}]
["EL04201      ","Partida","Ud","Pequeño material",{"v":1,"d":"1.000"},{"v":144,"d":"144.00"},{"$f":"ROUND(E186*F186,2)","v":{"v":144,"d":"144.00"}}]
[{"$nulls":3},"03.06",{"v":1,"d":"1.000"},{"$f":"G182+G183+G184+G185+G186","v":641.28},{"$f":"ROUND(F187*E187,2)","v":641.28}]
[]
[{"$nulls":3},"03",{"v":1,"d":"1.000"},{"$f":"G145+G151+G161+G173+G179+G187","v":{"v":38252.63,"d":"38,252.63"}},{"$f":"ROUND(F189*E189,2)","v":{"v":38252.63,"d":"38,252.63"}}]
[]
["04           ","Capítulo","","SEGURIDAD Y SALUD",{"v":1,"d":"1.000"},{"v":8269.74,"d":"8,269.74"},{"$f":"ROUND(E191*F191,2)","v":{"v":8269.74,"d":"8,269.74"}}]
["05           ","Capítulo","","GESTION DE RESIDUOS",{"$f":"E223","v":{"v":1,"d":"1.000"}},{"$f":"F223","v":{"v":6213.34,"d":"6,213.34"}},{"$f":"G223","v":{"v":6213.34,"d":"6,213.34"}}]
["05.01        ","Capítulo","","RESÍDUOS DE NATURALEZA NO PÉTREA.",{"$f":"E200","v":{"v":1,"d":"1.000"}},{"$f":"F200","v":418.91},{"$f":"G200","v":418.91}]
["ERES01       ","Partida","m3","RECICLAJE RESÍDUO DE MADERA.",{"v":1.59,"d":"1.590"},2.92,{"$f":"ROUND(E194*F194,2)","v":4.64}]
["ERES02       ","Partida","m3","RECICLAJE RESÍDUOS DE METALES MEZCLADOS INERTES.",{"v":40,"d":"40.000"},9.98,{"v":399.2,"d":"399.20"}]
["ERES03       ","Partida","m3","RECICLAJE REÍSDUO DE PAPEL Y CARTÓN.",{"v":0.57,"d":"0.570"},3.33,{"v":1.9,"d":"1.90"}]
["ERES04       ","Partida","m3","RECICLAJE RESÍDUO PLÁSTICOS.",{"v":1.7,"d":"1.700"},3.72,6.32]
["ERES05       ","Partida","m3","RECICLAJE RESÍDUOS VIDRIO INERTE.",{"v":0.54,"d":"0.540"},3.62,1.95]
["ERES06       ","Partida","m3","RECICLAJE RESÍDUOS YESOS Y OTROS.",{"v":0.85,"d":"0.850"},5.77,{"v":4.9,"d":"4.90"}]
[{"$nulls":3},"05.01",{"v":1,"d":"1.000"},{"$f":"G194+G195+G196+G197+G198+G199","v":418.91},{"$f":"ROUND(F200*E200,2)","v":418.91}]
[]
["05.02        ","Capítulo","","RESÍDUOS DE NATURALEZA PÉTREA.",{"$f":"E207","v":{"v":1,"d":"1.000"}},{"$f":"F207","v":68.79},{"$f":"G207","v":68.79}]
["ERES07       ","Partida","m3","RECICLAJE RESÍDUO ARENAS, GRAVAS Y OTROS.",{"v":5.44,"d":"5.440"},5.51,{"$f":"ROUND(E203*F203,2)","v":29.97}]
["ERES08       ","Partida","m3","RECICLAJE RESÍDUO HORMIGÓN.",{"v":1.87,"d":"1.870"},5.77,{"$f":"ROUND(E204*F204,2)","v":10.79}]
["ERES09       ","Partida","m3","RECICLAJE RESÍDUO LADRILLOS, AZULEJOS Y OTROS CERÁMICOS.",{"v":0.14,"d":"0.140"},3.01,{"$f":"ROUND(E205*F205,2)","v":0.42}]
["ERES10       ","Partida","m3","RECICLAJE RESÍDUO PIEDRAS.",{"v":4.76,"d":"4.760"},{"v":5.8,"d":"5.80"},{"$f":"ROUND(E206*F206,2)","v":27.61}]
[{"$nulls":3},"05.02",{"v":1,"d":"1.000"},{"$f":"G203+G204+G205+G206","v":68.79},{"$f":"ROUND(F207*E207,2)","v":68.79}]
[]
["05.03        ","Capítulo","","RESÍDUOS POTENCIALMENTE PELIGROSOS.",{"$f":"E212","v":{"v":1,"d":"1.000"}},{"$f":"F212","v":32.52},{"$f":"G212","v":32.52}]
["ERES11       ","Partida","m3","RECICLAJE RESÍDUO DE BASURAS.",{"v":1.32,"d":"1.320"},8.81,{"$f":"ROUND(E210*F210,2)","v":11.63}]
["ERES12       ","Partida","m3","RECICLAJE RESÍDUOS POTENCIALEMENTE PELIGROSOS.",{"v":2.04,"d":"2.040"},10.24,{"$f":"ROUND(E211*F211,2)","v":20.89}]
[{"$nulls":3},"05.03",{"v":1,"d":"1.000"},{"$f":"G210+G211","v":32.52},{"$f":"ROUND(F212*E212,2)","v":32.52}]
[]
["05.04        ","Capítulo","","CLASIFICACIÓN CARGA Y TRANSPORTE.",{"$f":"E217","v":{"v":1,"d":"1.000"}},{"$f":"F217","v":{"v":1947.12,"d":"1,947.12"}},{"$f":"G217","v":{"v":1947.12,"d":"1,947.12"}}]
["ERES13       ","Partida","m3","CLASIFICACIÓN RESÍDUOS CONSTRUCC/DEMOLIC.",{"v":78.64,"d":"78.640"},18.66,{"$f":"ROUND(E215*F215,2)","v":{"v":1467.42,"d":"1,467.42"}}]
["ERES14       ","Partida","m3","CARGA Y TRANPORTE DE RESÍDUOS CONSTRUCC.DEMOLIC.",{"v":78.64,"d":"78.640"},{"v":6.1,"d":"6.10"},{"$f":"ROUND(E216*F216,2)","v":{"v":479.7,"d":"479.70"}}]
[{"$nulls":3},"05.04",{"v":1,"d":"1.000"},{"$f":"G215+G216","v":{"v":1947.12,"d":"1,947.12"}},{"$f":"ROUND(F217*E217,2)","v":{"v":1947.12,"d":"1,947.12"}}]
[]
["05.05        ","Capítulo","","GESTIÓN DE TRATAMEINTO DE RCD.",{"$f":"E221","v":{"v":1,"d":"1.000"}},{"$f":"F221","v":{"v":3746,"d":"3,746.00"}},{"$f":"G221","v":{"v":3746,"d":"3,746.00"}}]
["ERES15       ","Partida","ud","GESTIÓN, TRAMITACIÓN Y ALQUILERES.",{"v":1,"d":"1.000"},{"v":3746,"d":"3,746.00"},{"$f":"ROUND(E220*F220,2)","v":{"v":3746,"d":"3,746.00"}}]
[{"$nulls":3},"05.05",{"v":1,"d":"1.000"},{"$f":"G220","v":{"v":3746,"d":"3,746.00"}},{"$f":"ROUND(F221*E221,2)","v":{"v":3746,"d":"3,746.00"}}]
[]
[{"$nulls":3},"05",{"v":1,"d":"1.000"},{"$f":"G200+G207+G212+G217+G221","v":{"v":6213.34,"d":"6,213.34"}},{"$f":"ROUND(F223*E223,2)","v":{"v":6213.34,"d":"6,213.34"}}]
[]
[{"$nulls":3},"BUTARQUE",{"v":1,"d":"1.000"},{"$f":"G79+G137+G189+G191+G223","v":{"v":447484.58,"d":"447,484.58"}},{"$f":"ROUND(F225*E225,2)","v":{"v":447484.58,"d":"447,484.58"}}]